000
00310nam a22000977a 4500
008
150724b xxu||||| |||| 00| 0 eng d
010
_8
HCCRSARF:038
245
_a
HIGH COURT CRIMINAL SESSION ON.16 OF 1985 Uganda Vs Sipiliano Nyesigye
260
_a
High Court Kampala
500
_3
BEFORE: Hon. Mr. Justice G.M. Okello
999
_c
8199
_d
8199